| 000 | 00577nam a2200193Ia 4500 | ||
|---|---|---|---|
| 008 | 191130s1994##################000#0#eng## | ||
| 020 | _a9783110130010 | ||
| 040 |
_aACL _cACL |
||
| 082 | _a302.2 SEB | ||
| 100 | _aSebeok, Thomas A | ||
| 245 |
_aAdvances in visual semiotics: the semiotic Web 1992-93 _cThomas A. Sebeok |
||
| 260 |
_aBerlin _bMouton de Gruyter _c1994 |
||
| 300 | _axii, 667 p.20 cm | ||
| 500 | _aIncludes bibliographical references and index | ||
| 650 | _aSemiotics | ||
| 990 | _aa3e6d6e7ac10000c56ce7a0a947164de | ||
| 991 | _a214633 | ||
| 999 |
_c363718 _d363718 |
||